000 00241nam a22001097a 4500
999 _c260980
_d260979
020 _a9780545391085
100 _aNick Bruel
245 _aBad Kitty meets The Baby
260 _aNew York
_bScholastic
_c2011
300 _a143 pgs
942 _cBK